| 000 | 00353nam a22001457a 4500 | ||
|---|---|---|---|
| 003 | OSt | ||
| 005 | 20211223150025.0 | ||
| 008 | 211223b |||||||| |||| 00| 0 eng d | ||
| 020 | _a139780123740137 | ||
| 040 | _cHU | ||
| 082 |
_24th _a004.6PET2007 |
||
| 100 |
_aOeterson _924703 |
||
| 245 | _aComputer Networks A Systems Approach | ||
| 942 |
_2ddc _cBOOKS _n0 |
||
| 999 |
_c23781 _d23781 |
||